Physical chemistry quantum chemistry and spectroscopy / (Record no. 52516)

MARC details
000 -LEADER
fixed length control field 00600nam a2200229Ia 4500
005 - DATE AND TIME OF LATEST TRANSACTION
control field 20260429112130.0
008 - FIXED-LENGTH DATA ELEMENTS--GENERAL INFORMATION
fixed length control field 260429s9999||||xx |||||||||||||| ||und||
020 ## - INTERNATIONAL STANDARD BOOK NUMBER
International Standard Book Number 9789367139929
041 ## - LANGUAGE CODE
Language English
082 ## - DEWEY DECIMAL CLASSIFICATION NUMBER
Classification number 541.28
Item number ENG
100 ## - MAIN ENTRY--PERSONAL NAME
Personal name Engel, Thomas
245 #0 - TITLE STATEMENT
Title Physical chemistry quantum chemistry and spectroscopy /
Statement of responsibility, etc Thomas Engel
250 ## - EDITION STATEMENT
Edition statement 4th ed.
260 ## - PUBLICATION, DISTRIBUTION, ETC. (IMPRINT)
Place of publication, distribution, etc Noida :
Name of publisher, distributor, etc Pearson,
Date of publication, distribution, etc 2026.
300 ## - PHYSICAL DESCRIPTION
Extent xii, 543 p.; pbk
650 ## - SUBJECT ADDED ENTRY--TOPICAL TERM
Topical term or geographic name as entry element Quantum
650 ## - SUBJECT ADDED ENTRY--TOPICAL TERM
Topical term or geographic name as entry element Spectroscopy
650 ## - SUBJECT ADDED ENTRY--TOPICAL TERM
Topical term or geographic name as entry element Chemistry
700 ## - ADDED ENTRY--PERSONAL NAME
Personal name Angerhofer, Alex
700 ## - ADDED ENTRY--PERSONAL NAME
Personal name Hehre, Warren
942 ## - ADDED ENTRY ELEMENTS (KOHA)
Koha item type Text Books
Holdings
Withdrawn status Lost status Damaged status Not for loan Collection code Home library Location Shelving location Date of Cataloging Source of acquisition Total Checkouts Full call number Barcode Date last seen Price effective from Koha item type
        Non-fiction CUTN Central Library CUTN Central Library Sciences 29/04/2026 TBH Library Book Suppliers, Chennai - Invoice No. SINV00732 on 09-02-2026   541.28 ENG 57615 29/04/2026 29/04/2026 Text Books